Loading...

UGC commerce

Bibliographic Details
Main Author: Krishan, Bal
Format: Printed Book
Published: Ludhiana Kalyani 2005
Subjects:
LEADER 00647nam a22001577a 4500
020 |a 8127213128 
082 |a R380.107 6  |b KRI/U 
100 |a Krishan, Bal 
245 |a UGC commerce 
260 |a Ludhiana  |b Kalyani  |c 2005 
300 |a 286p. 
650 |a Commerce-Competitive exams 
942 |c BK 
999 |c 41325  |d 41325 
952 |0 0  |1 0  |4 0  |6 R_380_107000000000000_6_KRIU  |7 0  |8 Reference  |9 44643  |a KUCL  |b KUCL  |c Reference  |d 2016-08-12  |g 200.00  |l 0  |o R380.107 6 KRI/U  |p 42634  |r 2017-03-09  |w 2016-08-12  |y BK 
952 |0 0  |1 0  |4 0  |6 R_380_107000000000000_6_KRIU  |7 0  |8 Reference  |9 44677  |a KUCL  |b KUCL  |c Reference  |d 2016-08-18  |g 200.00  |l 0  |o R 380.107 6 KRI/U  |p 42635  |r 2017-03-09  |w 2016-08-18  |y BK